| 000 | 01192nam a22003377a 4500 | ||
|---|---|---|---|
| 003 | CHAP | ||
| 005 | 20220817042951.0 | ||
| 008 | 971013s1996 mx a r 00010 spa d | ||
| 010 | _a61400 | ||
| 011 | _a62372 | ||
| 035 | _a66546 | ||
| 040 | _cCHAP | ||
| 090 | _aTesis | ||
| 100 |
_aRangel Meza, Elva. _994610 |
||
| 245 | 1 |
_aBase de datos del herbario de Prepatatoria Agrícola de la UACH _b: su información etnobotánica |
|
| 260 |
_aChapingo, Méx. : _bEl autor, _c1996 |
||
| 300 |
_a93 p. _b: ilus. ; gráfs. ; anexos |
||
| 502 | _aTesis (Ing. Agr. Esp. en Fitotecnia) -- UACH. Departamento de Fitotecnia | ||
| 590 |
_aALEPH _b10 _c20130110 _lUCH01 _h1342 |
||
| 590 |
_aBATCH-UPD _b10 _c20130110 _lUCH01 _h1005 |
||
| 590 |
_aBATCH-UPD _b10 _c20130410 _lUCH01 _h0615 |
||
| 590 |
_aBATCH-UPD _b10 _c20130914 _lUCH01 _h1330 |
||
| 590 |
_aCONVERSION _b10 _c20130109 _lUCH01 _h1333 |
||
| 650 | 1 | 4 |
_aEtnobotánica. _938611 |
| 650 | 1 | 4 |
_aHerbarios _xSistemas de información. _953679 |
| 710 | 0 | _aUACH. Departamento de Preparatoria Agrícola. | |
| 901 | _aBK | ||
| 942 | _cFOLL | ||
| 949 |
_bBC _cTES _d-151762 _eTS1 _h29782 _i66546 _si |
||
| 949 |
_bBC _cTES _d33724000624185 _eTS2 _fc.2 _h29783 _i66546 _sm |
||
| 999 |
_c61400 _d61400 |
||